000 00567cam a2200205 4500
001 D15183
008 090401t1983 xxu||||| |||| 00| 0 eng d
035 _a(Sirsi) u20838
041 _aeng
050 _a690.2025
110 _aRoyal Institution of Chartered Surveyors
_bYorkshire Branch
_91085
245 _aChartered building surveyors in the Yorkshire region
260 _bRICS
_c1983
300 _a1 folded sheet. 21cm
350 _a0
520 _aFiled in box RICS 1983/51A
710 _aBuilding Surveyors Division
942 _n0
948 _c04/03/1997
999 _c87884
_d87884